000 00366cam a2200145ua 4500
041 _aeng
_h
082 _a824
_bSPE/DE
100 _aSpengler, Oswald .
245 _aDecline of the west /
_cOswald Spengler.
_hTextual Documents
260 _aLondon :
_bGeorge Allen & Unwin Ltd ,
_c1959.
300 _a507 ; .
504 _a
942 _cBK
999 _c11754
_d11754